Súčasné kompetencie IT pracovníka vo vedomostnej spoločnosti - informačná etika

Informačná etika. Informačná etika v kontexte kompetencií IT pracovníka. Kodifikácia pravidiel správneho konania IT pracovníka v informačnej praxi.

Salvato in:
Dettagli Bibliografici
Autore principale: Dugas, Jaroslav, 1967-
Altri autori: Stankovič, Lýdia
Natura: Capitolo di libro
Lingua:slovacco
Soggetti:
Tags: Aggiungi Tag
Nessun Tag, puoi essere il primo ad aggiungerne!!

MARC

LEADER 00000naa$a2200000$$$4500
001 0149942
005 20240502083344.2
041 0 |a slo 
044 |a BE 
245 1 0 |a Súčasné kompetencie IT pracovníka vo vedomostnej spoločnosti - informačná etika  |c Jaroslav Dugas, Lýdia Stankovič 
520 |a Informačná etika. Informačná etika v kontexte kompetencií IT pracovníka. Kodifikácia pravidiel správneho konania IT pracovníka v informačnej praxi. 
610 2 0 |a technológie informačné 
610 2 0 |a etika aplikovaná 
610 2 0 |a informácie 
100 1 |a Dugas, Jaroslav, 1967- 
700 1 |a Stankovič, Lýdia